Variae

Saved in:
書目詳細資料
主要作者: Mantello, Antonio (autor)
格式: 圖書
語言:意大利语
出版: Edizioni Grifo 2014
版:1a. ed
叢編:Iuridica Historica, 2
主題:
標簽: 添加標簽
沒有標簽, 成為第一個標記此記錄!

MARC

LEADER 00000cam a2200000 a 4500
001 UCE5249
003 CL-VaPUC
008 141218e20140000it |||||||||||||||||ita|d
020 |a 9788898175666 
082 0 4 |a 340.54  |b MAN  |2 21 
100 |a Mantello, Antonio  |e autor  |9 577785 
245 1 0 |a Variae 
250 |a 1a. ed 
300 |a v 
942 |c BK 
945 |d 20141218 14:43:00  |a dcastane 
260 |b Edizioni Grifo  |c 2014 
650 0 |a Historia del derecho  |9 255109 
650 0 |a Jurisprudencia  |9 255952 
650 0 |a Derecho romano  |9 255930 
583 |a last modification  |c 20141218 14:43:00  |k Rodrigo Vera 
490 0 |a Iuridica Historica, 2 
999 |c 358007  |d 358005 
952 |0 0  |1 0  |3 erb  |4 0  |6 340_540000000000000_MAN_2014  |7 0  |8 DER_ROM  |9 466215  |a BIBDER  |b BIBDER  |h v.1  |i 5130042  |o 340.54 MAN 2014  |p 5130042  |r 2023-01-25  |w 2019-11-23  |x Ubicación 4to piso  |y BK  |z Este recurso debe solicitarse con anticipación  |k DER 
952 |0 0  |1 0  |3 erb  |4 0  |6 340_540000000000000_MAN_2014  |7 0  |8 DER_ROM  |9 466216  |a BIBDER  |b BIBDER  |h v.2  |i 5130050  |o 340.54 MAN 2014  |p 5130050  |r 2023-01-25  |w 2019-11-23  |x Ubicación 4to piso  |y BK  |z Este recurso debe solicitarse con anticipación  |k DER